=LDR 00000nam 2200000 4500 =001 INLIS000000000062187 =005 20230620110045 =035 ##$$a 0010-0623000028 =007 ta =008 230620###########################0###### =020 ##$$a 978-623-7865-16-2 =082 ##$$a 618.2 =084 ##$$a 618.2 IRM k =100 #$$a Irmayani, S,Si.T., M.Kes =245 1#$$a Komunikasi dalam Praktik Kebidanan (Keterampilan Inti dalam Komunikasi Interpersonal/Konseling (KIP/K) : $b Modul /$c Irmayani, S,Si.T., M.Kes =250 ##$$a 1 =260 ##$$a Mataram :$b Jurusan Kebidanan Poltekkes Kemenkes Mataram,$c 2020 =300 ##$$a 117 halaman ; $c 20 cm$e Lain-lain =650 #4$$a Kebidanan - modul =504 ##$$a Bibliografi : halaman 111 =990 ##$$a 224/52/2023